00809nam a2200217 a 450000100060000000300080000600500170001400800410003103500190007204000370009104100080012808200290013610000520016524501400021726000460035730000350040350400370043865000350047565000210051071000600053167302BD-RjUL20211209081633.0170323s1960 enkab b 001 0 eng d a(BD-RjUL)67433 aDLCcVA@dSERdUKMdBD-RjULbeng aeng a799.096894223bDAW 19601 aDarling, F. Fraserq(Frank Fraser),d1903-1979.10aWild life in an African Territory :ba study made for the Game and Tsetse Control Department of Northern Rhodesia /cF. Fraser Darling. aLondon :bOxford University Press,c1960. aviii, 160 p. :bill. ;c23 cm. aIncludes index & bibliographies. 0aWildlife conservationzZambia. 0aEcologyzZambia.1 aNorthern Rhodesia.bGame and Tsetse Control Department.